From galbraith to economic freedom
Gespeichert in:
| 1. Verfasser: | |
|---|---|
| Format: | Buch |
| Sprache: | Undetermined |
| Veröffentlicht: |
London
The Institute of Economic Affairs
1977
|
| Schlagworte: | |
| Tags: |
Tag hinzufügen
Keine Tags, Fügen Sie den ersten Tag hinzu!
|
| Thư viện lưu trữ: | Trung tâm Học liệu Trường Đại học Cần Thơ |
|---|
| LEADER | 00497nam a2200181Ia 4500 | ||
|---|---|---|---|
| 001 | CTU_79618 | ||
| 008 | 210402s9999 xx 000 0 und d | ||
| 082 | |a 330 | ||
| 082 | |b F899 | ||
| 100 | |a Friedman, Milton | ||
| 245 | 0 | |a From galbraith to economic freedom | |
| 245 | 0 | |c Milton Friedman | |
| 260 | |a London | ||
| 260 | |b The Institute of Economic Affairs | ||
| 260 | |c 1977 | ||
| 650 | |a Economic policy | ||
| 650 | |z Great Britain | ||
| 980 | |a Trung tâm Học liệu Trường Đại học Cần Thơ | ||